000 00584nam a2200241Ia 4500
005 20260306150901.0
008 008 260114s9999 xx 000 0 eng d
020 _a9783964562425
037 _aEbook
040 _aCRL
040 _beng
040 _cCRL
041 _2eng
041 _aeng
084 _qCRL
245 0 _aPoeta ultraĆ­sta, poeta exiliado
260 _bVervuert Verlagsgesellschaft
260 _c2015
650 _aLinguistics and Semiotics
856 _uhttps://www.degruyter.com/isbn/9783964562425
942 _cEBOOK
999 _c1700436
_d1700436